Statystyki dla Państwa graniczące z RPA

Kliknij tutaj aby rozwiązać quiz!

Ogólne statystyki

  • Ten quiz został rozwiązany 14 542 razy
  • Średni wynik to 5 z 6

Statystyki odpowiedzi

Długość granicyPaństwo% Poprawnych
909 kmLesotho
94%
430 kmEswatini
86%
1,840 kmBotswana
84%
967 kmNamibia
84%
491 kmMozambik
82%
225 kmZimbabwe
81%

Rozkład punktacji

Percentyl według liczby udzielonych odpowiedzi

Procent ludzi z każdym wynikiem

Twoja historia wyników

Nie rozwiązałeś tego quizu